|
|
|
|
| LEADER |
00000nam0a2200000 4500 |
| 001 |
359942 |
| 005 |
20250211063212.0 |
| 035 |
|
|
|a (RuTPU)RU\TPU\retro\17248
|
| 035 |
|
|
|a RU\TPU\retro\17247
|
| 090 |
|
|
|a 359942
|
| 100 |
|
|
|a 20210209d1962 k y0rusy5003 ca
|
| 101 |
0 |
|
|a rus
|
| 102 |
|
|
|a RU
|
| 105 |
|
|
|a y z 001zy
|
| 200 |
1 |
|
|a Вычислительная техника
|e [тематический сборник]
|f Московский энергетический институт ; под ред. Г. М. Жданова ; под ред. А. Г. Шигина
|
| 210 |
|
|
|a Москва
|c Изд-во МЭИ
|d 1962
|
| 215 |
|
|
|a 220 с.
|c табл., ил.
|
| 225 |
1 |
|
|a Труды Московского энергетического института (МЭИ)
|v Вып. 41, № 1
|
| 320 |
|
|
|a Библиогр. в конце ст.
|
| 500 |
1 |
0 |
|a Труды Московского энергетического института
|9 88841
|
| 606 |
1 |
|
|a Вычислительная техника
|x В целом
|2 stltpush
|3 (RuTPU)RU\TPU\subj\4023
|9 32339
|
| 610 |
1 |
|
|a вычислительные машины
|
| 610 |
1 |
|
|a комплексная автоматизация
|
| 610 |
1 |
|
|a производительность
|
| 610 |
1 |
|
|a ферриты
|
| 610 |
1 |
|
|a транзисторы
|
| 610 |
1 |
|
|a переходные процессы
|
| 610 |
1 |
|
|a расчеты
|
| 610 |
1 |
|
|a булевы матрицы
|
| 610 |
1 |
|
|a ферритовые наполнители
|
| 610 |
1 |
|
|a конечные автоматы
|
| 610 |
1 |
|
|a неустановившиеся режимы
|
| 610 |
1 |
|
|a решение задач
|
| 610 |
1 |
|
|a анализаторы
|
| 610 |
1 |
|
|a коммутаторы
|
| 610 |
1 |
|
|a конечные автоматы
|
| 610 |
1 |
|
|a открытые водотоки
|
| 675 |
|
|
|a 681.31
|v 3
|
| 702 |
|
1 |
|a Жданов
|b Г. М.
|4 340
|
| 702 |
|
1 |
|a Шигин
|b А. Г.
|4 340
|
| 712 |
0 |
2 |
|a Московский энергетический институт
|c (1930-1992)
|3 (RuTPU)RU\TPU\col\20092
|9 27693
|
| 801 |
|
0 |
|a RU
|b 63413507
|c 19950704
|g psbo
|
| 801 |
|
1 |
|a RU
|b 63413507
|c 20060118
|g PSBO
|
| 801 |
|
2 |
|a RU
|b 63413507
|c 20220207
|g PSBO
|
| 942 |
|
|
|c BK
|